000 00985nabaa22002297a 4500
999 _c6193
_d6193
003 OSt
005 20260125193805.0
008 190701b xxu||||| |||| 00| 0 spa d
040 _cPJ
100 _95552
_aNegre, María Isabel
245 1 3 _aLas reformas introducidas al art. 28 de la ley 19.549 :
_bamparo por mora de la administración /
_cMaría Isabel Negre.
300 _ap. 101-109
500 _aCita: TR LALEY AR/DOC/216/2024
505 _aSumario: I. Introducción.— II. Las reformas introducidas al nuevo art. 28 LNPA.— III. Conclusiones.
505 _t¿Te interesa el texto completo? Comunicate al correo: koha@justierradelfuego.gov.ar
650 0 _9211
_aDERECHO ADMINISTRATIVO
650 0 _91135
_aPROCEDIMIENTO ADMINISTRATIVO
650 0 _91902
_aAMPARO POR MORA
650 0 _aREFORMA DEL ESTADO
_93177
773 0 _02842
_93251
_dBuenos Aires : AbeledoPerrot, 2012-
_oDA121
_tDerecho administrativo. Nº 155 septiembre/octubre 2024
_z18510590
942 _2udc
_cANA